000 00290nam a2200109Ia 4500
008 200302s9999 xx 000 0 und d
100 _aPratapaditya Pal
245 _aJain Art From India - The Peaceful Liberators
260 _bThames and Hudson Publishers
260 _c1996
300 _a279 P
999 _c4367
_d4367